000 00745nam a22002177a 4500
003 OSt
005 20250805020107.0
008 250805b |||||||| |||| 00| 0 eng d
020 _a978-621-427-148-1
040 _aDWC-Main Lib
_cOC
082 _aFil. 658.83 A449u 2024
100 _aAlimar - Mutya, Ruby
245 _aUnderstanding marketing research/
_cRuby Alimar - Mutya
260 _aManila, Philippines :
_bUnlimited Books Library Service & Publishing,
_cc2024.
300 _ax, 255 pages :
_billustrations ;
_c25cm.
504 _aIncludes bibliographical references.
650 _a1. Marketing research.
650 _a2. Data analysis in marketing.
650 _a3. Consumer behavior -- Research.
942 _2ddc
_cBK - FIL
_kFil.
_n0
999 _c3936
_d3936